Robbie y otros relatos /

Guardado en:
Autor Principal: Asimov, Isaac
Otros Autores: Cornell, Paul; prol., Raich, María; notas, Sánchez-enciso, Juan; notas, Torres Oliver, Francisco; trad., Shannon, David; il.
Formato: Libro
Publicado: Buenos Aires : Vicens Vives Argentina, 2014
Series:Aula de Literatura / Francisco Antón
Materias:
Etiquetas: Agregar Etiqueta
Sin Etiquetas, Sea el primero en etiquetar este registro!
LEADER 01329nam a22003135a 4500
001 CEM.cems015287
005 20191105154825.0
008 130507s2014##################000#0#####d
003 CEMS
020 |a 9789871291625 
082 0 4 |a 818.5 
100 1 |a Asimov, Isaac 
245 1 0 |a Robbie y otros relatos /  |c Isaac Asimov ; introducicción de Paul Cornell ; notas y Propuestas de Trabajo Por María Raich y Juan Sánchez-enciso ; traducido Por Francisco Torres Oliver ; ilustrado Por David Shannon 
260 |a Buenos Aires :  |b Vicens Vives Argentina,  |c 2014 
300 |a 144 p. 
490 0 |a Aula de Literatura / Francisco Antón 
505 0 |a Un escritor fecundo -- El protagonismo de los robots -- Esta selección -- Robbie -- Todos los problemas del mundo -- Sally -- El sufragio -- Textos auxiliares -- Literatura -- Ética y sociedad 
653 |a Literatura 
653 |a Literatura estadounidense 
653 |a Literatura infantil 
653 |a Cuentos infantiles 
653 |a Colección ciencias de la educación 
653 |a Ciencia ficción 
700 1 |a Cornell, Paul; prol. 
700 1 |a Raich, María; notas 
700 1 |a Sánchez-enciso, Juan; notas 
700 1 |a Torres Oliver, Francisco; trad. 
700 1 |a Shannon, David; il. 
859 |a CEMS  |b BIB. CEMS - Ccias. Educacion  |h 818.5  |i As428  |k CE  |p 28496.19  |t Ej.1